| 000 | 00593nam a2200193Ia 4500 | ||
|---|---|---|---|
| 005 | 20250326145202.0 | ||
| 008 | 250326s9999 xx 000 0 und d | ||
| 037 | _aTextbook | ||
| 040 |
_aFMSL _beng _cFMSL |
||
| 041 |
_aeng _2eng |
||
| 084 |
_aX:89Q P7 _qFMSL |
||
| 100 |
_aWang W Y C _9750800 |
||
| 245 | 0 |
_aSupply chain management: issues in the new era of collaboration and competition _cWang W Y C And Others |
|
| 260 |
_aLondon _bLondon, IDEA Group _c2007 |
||
| 365 | _b3958.3245000000002 | ||
| 650 | _aManagement | ||
| 942 |
_cTB _hX:89Q P7 |
||
| 999 |
_c1306678 _d1306678 |
||